header

Culture and human development (Record no. 213905)

MARC details
000 -LEADER
fixed length control field 01770nam a2200397 a 4500
100 1# - MAIN ENTRY--AUTHOR NAME
Personal name Valsiner, Jaan.
245 10 - TITLE STATEMENT
Title Culture and human development
260 ## - PUBLICATION, DISTRIBUTION, ETC. (IMPRINT)
Place of publication London :
Name of publisher Sage Publications,
Year of publication c2000.
300 ## - PHYSICAL DESCRIPTION
Number of Pages xiv, 319 p. :
Other physical details ill.
505 0# - FORMATTED CONTENTS NOTE
Formatted contents note pt. 1. Developmental theory and methodology -- pt. 2. Analysis of environments for human development -- pt. 3. Cultural organization of pregnancy and infancy -- pt. 4. Early childhood development -- pt. 5. Entering the world of activities-- culturally ruled.
650 #0 - SUBJECT ADDED ENTRY--TOPICAL TERM
Topical Term Ethnopsychology.
Topical Term Children
Topical Term Personality and culture.
Topical Term Environmental psychology.
Topical Term Developmental psychology
Topical Term Personality and culture
Topical Term Personality in children
856 40 - ELECTRONIC LOCATION AND ACCESS
Uniform Resource Identifier http://site.ebrary.com/lib/rucke/Doc?id=10369650

No items available.

© 2026 Rongo University
Contact us: librarian | system librarian | Rongo university